Trump Quotes.... He said what?!?! - Statistics

General Stats
  • This quiz has been taken 37 times
  • The average score is 3 of 10
Answer Stats
Hint Answer % Correct
"I think the big problem this country has is being _________ Correct. I've been challenged by so many people and I don't, frankly, have time for [it]" (Fox News Republican debate, 6/8/15) politically
72%
""To be blunt, people would vote for me. They just would. Why? Maybe because I'm so good _______." (New York Times, 19/9/99) looking
69%
""It's really cold outside, they are calling it a major freeze, weeks ahead of normal. Man, we could use a big fat dose of ______ _______ !" (Twitter, 19/10/15) global warming
56%
"Donald J. Trump is calling for a total and complete shutdown of Muslims entering the United States until our country's representatives can figure out what the ____ __ _____ __" (7/12/15) hell is going on
41%
"I think ______ is wonderful if you need it, if you have medical issues, if you've had surgery. I've just never needed it. Frankly, I wouldn't mind if there were an anti-______, something with the opposite effect. I'm not bragging. I'm just lucky. I don't need it." (Playboy, October 2004) viagra
34%
"When you see the other side chopping off heads, _____________ doesn't sound very severe." (This Week, 2/8/16) waterboarding
19%
""I have a great relationship with ______ _________, as you possibly have heard. I just have great respect for them. And they like me. I like them." (Anderson Cooper 360, 23/7/15) African Americans
16%
"I look very much forward to showing my __________ , because they are huge." (TIME, 14/4/11) financials
3%
"Show me someone with __ ___ and I'll show you a big loser." (Trump: How To Get Rich, 2004) no ego
0%
"The concept of _______ hands is absolutely terrible, and statistically I've been proven right." (Playboy, October 2004) shaking
0%
No matching quizzes found
Score Distribution
Percent of People with Each Score
Percentile by Number Answered
Your Score History
You have not taken this quiz